Nr. 1 Hits in Deutschland 1980 - Statistiken

Allgemein
  • Dieses Quiz wurde 65 mal gespielt
  • Das Durchschnittsergebnis liegt bei 6 aus 12
Antwortstatistiken
Wochen auf Platz 1 Lied Interpret % Korrekt
5 Wochen Super Trouper ABBA
96%
5 Wochen Santa Maria Roland Kaiser
88%
5 Wochen Der Nippel Mike Krüger
81%
4 Wochen Another Brick in the Wall, Pt. 2 Pink Floyd
79%
2 Wochen Xanadu Olivia Newton-John & ELO
47%
3 Wochen Woman in Love Barbra Streisand
37%
8 Wochen Sun of Jamaica Goombay Dance Band
37%
10 Wochen Funkytown Lipps, Inc.
37%
6 Wochen Santa Maria Oliver Onions
21%
9 Wochen Maybe Thom Pace
21%
2 Wochen It’s a Real Good Feeling Peter Kent
18%
4 Wochen Weekend Earth & Fire
11%
Keine übereinstimmenden Quizze gefunden
Verteilung der Resultate
Anzahl Personen mit jedem Resultat
Perzentil nach korrekt beantworteten Fragen
Ihre Resultats-Entwicklung
Sie haben dieses Quiz noch nicht gespielt